00438nam a2200097Ia 4500008004100000100004800041245010700089260007000196500006200266546001200328220512s9999 xx 000 0 eng d aGuwahati, Manikuntala Mahila Unnayan Kendra 0aProspects of Development of Tourism in North East India /cGuwahati, Manikuntala Mahila Unnayan Kendra aKharghuli, Guwahati :bManikuntala Mahila Unnayan Kendra,cJun-05 aReport of the Proceedings of Workshop, sponsored by ICSSR aEnglish